<?xml version="1.0" encoding="UTF-8"?>
<collection xmlns="http://www.loc.gov/MARC21/slim">
 <record>
  <leader>20489nas a22020171  4500</leader>
  <controlfield tag="001">1/50350</controlfield>
  <controlfield tag="008">030909c19759999   mr1p       0   a0eng d</controlfield>
  <datafield tag="022" ind1=" " ind2=" ">
   <subfield code="a">0360-9936</subfield>
  </datafield>
  <datafield tag="035" ind1=" " ind2=" ">
   <subfield code="l">24379</subfield>
  </datafield>
  <datafield tag="040" ind1=" " ind2=" ">
   <subfield code="a">DLC</subfield>
   <subfield code="b">GR-PeUP</subfield>
  </datafield>
  <datafield tag="090" ind1=" " ind2=" ">
   <subfield code="a">Αλφαβητική σειρά</subfield>
  </datafield>
  <datafield tag="245" ind1="0" ind2="0">
   <subfield code="a">Quality</subfield>
  </datafield>
  <datafield tag="260" ind1=" " ind2=" ">
   <subfield code="a">Bensenvilli, Illinois :</subfield>
   <subfield code="b">Business News Publishing,</subfield>
   <subfield code="c">1975-</subfield>
  </datafield>
  <datafield tag="300" ind1=" " ind2=" ">
   <subfield code="a">v. :</subfield>
   <subfield code="b">ill. ;</subfield>
   <subfield code="c">29 cm.</subfield>
  </datafield>
  <datafield tag="310" ind1=" " ind2=" ">
   <subfield code="a">Monthly</subfield>
  </datafield>
  <datafield tag="362" ind1="0" ind2=" ">
   <subfield code="a">Vol.34, no.7(July 1995)-v.38, no.13(Dec. 1999)</subfield>
  </datafield>
  <datafield tag="362" ind1="0" ind2=" ">
   <subfield code="a">Vol.41, no.1(Jan. 2002)-v.</subfield>
  </datafield>
  <datafield tag="546" ind1=" " ind2=" ">
   <subfield code="a">English</subfield>
  </datafield>
  <datafield tag="650" ind1=" " ind2="4">
   <subfield code="a">Electronic industries</subfield>
   <subfield code="x">Quality control</subfield>
   <subfield code="v">Periodicals.</subfield>
  </datafield>
  <datafield tag="650" ind1=" " ind2="4">
   <subfield code="a">Quality control</subfield>
   <subfield code="v">Periodicals.</subfield>
  </datafield>
  <datafield tag="852" ind1=" " ind2=" ">
   <subfield code="a">INST</subfield>
   <subfield code="b">UNIPILB</subfield>
   <subfield code="c">SERIALS</subfield>
   <subfield code="e">20050216</subfield>
   <subfield code="h">Αλφαβητική σειρά</subfield>
   <subfield code="p">40139</subfield>
   <subfield code="q">40139</subfield>
   <subfield code="t">NOLOAN</subfield>
   <subfield code="v">vol.41;no.4:(Μήνας)April;(Έτος)2002</subfield>
   <subfield code="y">23</subfield>
  </datafield>
  <datafield tag="852" ind1=" " ind2=" ">
   <subfield code="a">INST</subfield>
   <subfield code="b">UNIPILB</subfield>
   <subfield code="c">SERIALS</subfield>
   <subfield code="e">20050216</subfield>
   <subfield code="h">Αλφαβητική σειρά</subfield>
   <subfield code="p">40140</subfield>
   <subfield code="q">40140</subfield>
   <subfield code="t">NOLOAN</subfield>
   <subfield code="v">vol.41;no.5:(Μήνας)May;(Έτος)2002</subfield>
   <subfield code="y">23</subfield>
  </datafield>
  <datafield tag="852" ind1=" " ind2=" ">
   <subfield code="a">INST</subfield>
   <subfield code="b">UNIPILB</subfield>
   <subfield code="c">SERIALS</subfield>
   <subfield code="e">20050216</subfield>
   <subfield code="h">Αλφαβητική σειρά</subfield>
   <subfield code="p">40141</subfield>
   <subfield code="q">40141</subfield>
   <subfield code="t">NOLOAN</subfield>
   <subfield code="v">vol.41;no.6:(Μήνας)June;(Έτος)2002</subfield>
   <subfield code="y">23</subfield>
  </datafield>
  <datafield tag="852" ind1=" " ind2=" ">
   <subfield code="a">INST</subfield>
   <subfield code="b">UNIPILB</subfield>
   <subfield code="c">SERIALS</subfield>
   <subfield code="e">20050216</subfield>
   <subfield code="h">Αλφαβητική σειρά</subfield>
   <subfield code="p">40142</subfield>
   <subfield code="q">40142</subfield>
   <subfield code="t">NOLOAN</subfield>
   <subfield code="v">vol.41;no.7:(Μήνας)July;(Έτος)2002</subfield>
   <subfield code="y">23</subfield>
  </datafield>
  <datafield tag="852" ind1=" " ind2=" ">
   <subfield code="a">INST</subfield>
   <subfield code="b">UNIPILB</subfield>
   <subfield code="c">SERIALS</subfield>
   <subfield code="e">20050216</subfield>
   <subfield code="h">Αλφαβητική σειρά</subfield>
   <subfield code="p">40143</subfield>
   <subfield code="q">40143</subfield>
   <subfield code="t">NOLOAN</subfield>
   <subfield code="v">vol.41;no.8:(Μήνας)August;(Έτος)2002</subfield>
   <subfield code="y">23</subfield>
  </datafield>
  <datafield tag="852" ind1=" " ind2=" ">
   <subfield code="a">INST</subfield>
   <subfield code="b">UNIPILB</subfield>
   <subfield code="c">SERIALS</subfield>
   <subfield code="e">20050216</subfield>
   <subfield code="h">Αλφαβητική σειρά</subfield>
   <subfield code="p">40144</subfield>
   <subfield code="q">40144</subfield>
   <subfield code="t">NOLOAN</subfield>
   <subfield code="v">vol.41;no.9:(Μήνας)September;(Έτος)2002</subfield>
   <subfield code="y">23</subfield>
  </datafield>
  <datafield tag="852" ind1=" " ind2=" ">
   <subfield code="a">INST</subfield>
   <subfield code="b">UNIPILB</subfield>
   <subfield code="c">SERIALS</subfield>
   <subfield code="e">20050216</subfield>
   <subfield code="h">Αλφαβητική σειρά</subfield>
   <subfield code="p">40145</subfield>
   <subfield code="q">40145</subfield>
   <subfield code="t">NOLOAN</subfield>
   <subfield code="v">vol.41;no.10:(Μήνας)October;(Έτος)2002</subfield>
   <subfield code="y">23</subfield>
  </datafield>
  <datafield tag="852" ind1=" " ind2=" ">
   <subfield code="a">INST</subfield>
   <subfield code="b">UNIPILB</subfield>
   <subfield code="c">SERIALS</subfield>
   <subfield code="e">20050216</subfield>
   <subfield code="h">Αλφαβητική σειρά</subfield>
   <subfield code="p">40146</subfield>
   <subfield code="q">40146</subfield>
   <subfield code="t">NOLOAN</subfield>
   <subfield code="v">vol.41;no.11:(Μήνας)November;(Έτος)2002</subfield>
   <subfield code="y">23</subfield>
  </datafield>
  <datafield tag="852" ind1=" " ind2=" ">
   <subfield code="a">INST</subfield>
   <subfield code="b">UNIPILB</subfield>
   <subfield code="c">SERIALS</subfield>
   <subfield code="e">20050216</subfield>
   <subfield code="h">Αλφαβητική σειρά</subfield>
   <subfield code="p">40147</subfield>
   <subfield code="q">40147</subfield>
   <subfield code="t">NOLOAN</subfield>
   <subfield code="v">vol.41;no.12:(Μήνας)November;(Έτος)2002</subfield>
   <subfield code="y">23</subfield>
  </datafield>
  <datafield tag="852" ind1=" " ind2=" ">
   <subfield code="a">INST</subfield>
   <subfield code="b">UNIPILB</subfield>
   <subfield code="c">SERIALS</subfield>
   <subfield code="e">20050216</subfield>
   <subfield code="h">Αλφαβητική σειρά</subfield>
   <subfield code="p">40148</subfield>
   <subfield code="q">40148</subfield>
   <subfield code="t">NOLOAN</subfield>
   <subfield code="v">vol.41;no.13:(Μήνας)December;(Έτος)2002</subfield>
   <subfield code="y">23</subfield>
  </datafield>
  <datafield tag="852" ind1=" " ind2=" ">
   <subfield code="a">INST</subfield>
   <subfield code="b">UNIPILB</subfield>
   <subfield code="c">SERIALS</subfield>
   <subfield code="e">20050216</subfield>
   <subfield code="h">Αλφαβητική σειρά</subfield>
   <subfield code="p">40149</subfield>
   <subfield code="q">40149</subfield>
   <subfield code="t">NOLOAN</subfield>
   <subfield code="v">vol.42;no.2:(Μήνας)February;(Έτος)2003</subfield>
   <subfield code="y">23</subfield>
  </datafield>
  <datafield tag="852" ind1=" " ind2=" ">
   <subfield code="a">INST</subfield>
   <subfield code="b">UNIPILB</subfield>
   <subfield code="c">SERIALS</subfield>
   <subfield code="e">20050216</subfield>
   <subfield code="h">Αλφαβητική σειρά</subfield>
   <subfield code="p">40150</subfield>
   <subfield code="q">40150</subfield>
   <subfield code="t">NOLOAN</subfield>
   <subfield code="v">vol.42;no.3:(Μήνας)March;(Έτος)2003</subfield>
   <subfield code="y">23</subfield>
  </datafield>
  <datafield tag="852" ind1=" " ind2=" ">
   <subfield code="a">INST</subfield>
   <subfield code="b">UNIPILB</subfield>
   <subfield code="c">SERIALS</subfield>
   <subfield code="e">20050216</subfield>
   <subfield code="h">Αλφαβητική σειρά</subfield>
   <subfield code="p">40151</subfield>
   <subfield code="q">40151</subfield>
   <subfield code="t">NOLOAN</subfield>
   <subfield code="v">vol.42;no.4:(Μήνας)April;(Έτος)2003</subfield>
   <subfield code="y">23</subfield>
  </datafield>
  <datafield tag="852" ind1=" " ind2=" ">
   <subfield code="a">INST</subfield>
   <subfield code="b">UNIPILB</subfield>
   <subfield code="c">SERIALS</subfield>
   <subfield code="e">20050216</subfield>
   <subfield code="h">Αλφαβητική σειρά</subfield>
   <subfield code="p">40152</subfield>
   <subfield code="q">40152</subfield>
   <subfield code="t">NOLOAN</subfield>
   <subfield code="v">vol.42;no.5:(Μήνας)May;(Έτος)2003</subfield>
   <subfield code="y">23</subfield>
  </datafield>
  <datafield tag="852" ind1=" " ind2=" ">
   <subfield code="a">INST</subfield>
   <subfield code="b">UNIPILB</subfield>
   <subfield code="c">SERIALS</subfield>
   <subfield code="e">20050216</subfield>
   <subfield code="h">Αλφαβητική σειρά</subfield>
   <subfield code="p">40153</subfield>
   <subfield code="q">40153</subfield>
   <subfield code="t">NOLOAN</subfield>
   <subfield code="v">vol.42;no.6:(Μήνας)June;(Έτος)2003</subfield>
   <subfield code="y">23</subfield>
  </datafield>
  <datafield tag="852" ind1=" " ind2=" ">
   <subfield code="a">INST</subfield>
   <subfield code="b">UNIPILB</subfield>
   <subfield code="c">SERIALS</subfield>
   <subfield code="e">20050216</subfield>
   <subfield code="h">Αλφαβητική σειρά</subfield>
   <subfield code="p">40154</subfield>
   <subfield code="q">40154</subfield>
   <subfield code="t">NOLOAN</subfield>
   <subfield code="v">vol.42;no.7:(Μήνας)July;(Έτος)2003</subfield>
   <subfield code="y">23</subfield>
  </datafield>
  <datafield tag="852" ind1=" " ind2=" ">
   <subfield code="a">INST</subfield>
   <subfield code="b">UNIPILB</subfield>
   <subfield code="c">SERIALS</subfield>
   <subfield code="e">20050216</subfield>
   <subfield code="h">Αλφαβητική σειρά</subfield>
   <subfield code="p">40155</subfield>
   <subfield code="q">40155</subfield>
   <subfield code="t">NOLOAN</subfield>
   <subfield code="v">vol.42;no.8:(Μήνας)August;(Έτος)2003</subfield>
   <subfield code="y">23</subfield>
  </datafield>
  <datafield tag="852" ind1=" " ind2=" ">
   <subfield code="a">INST</subfield>
   <subfield code="b">UNIPILB</subfield>
   <subfield code="c">SERIALS</subfield>
   <subfield code="e">20050216</subfield>
   <subfield code="h">Αλφαβητική σειρά</subfield>
   <subfield code="p">40156</subfield>
   <subfield code="q">40156</subfield>
   <subfield code="t">NOLOAN</subfield>
   <subfield code="v">vol.42;no.9:(Μήνας)September;(Έτος)2003</subfield>
   <subfield code="y">23</subfield>
  </datafield>
  <datafield tag="852" ind1=" " ind2=" ">
   <subfield code="a">INST</subfield>
   <subfield code="b">UNIPILB</subfield>
   <subfield code="c">SERIALS</subfield>
   <subfield code="e">20050216</subfield>
   <subfield code="h">Αλφαβητική σειρά</subfield>
   <subfield code="p">40157</subfield>
   <subfield code="q">40157</subfield>
   <subfield code="t">NOLOAN</subfield>
   <subfield code="v">vol.42;no.10:(Μήνας)October;(Έτος)2003</subfield>
   <subfield code="y">23</subfield>
  </datafield>
  <datafield tag="852" ind1=" " ind2=" ">
   <subfield code="a">INST</subfield>
   <subfield code="b">UNIPILB</subfield>
   <subfield code="c">SERIALS</subfield>
   <subfield code="e">20050216</subfield>
   <subfield code="h">Αλφαβητική σειρά</subfield>
   <subfield code="p">40158</subfield>
   <subfield code="q">40158</subfield>
   <subfield code="t">NOLOAN</subfield>
   <subfield code="v">vol.42;no.11:(Μήνας)November;(Έτος)2003</subfield>
   <subfield code="y">23</subfield>
  </datafield>
  <datafield tag="852" ind1=" " ind2=" ">
   <subfield code="a">INST</subfield>
   <subfield code="b">UNIPILB</subfield>
   <subfield code="c">SERIALS</subfield>
   <subfield code="e">20050216</subfield>
   <subfield code="h">Αλφαβητική σειρά</subfield>
   <subfield code="p">40159</subfield>
   <subfield code="q">40159</subfield>
   <subfield code="t">NOLOAN</subfield>
   <subfield code="v">vol.42;no.12:(Μήνας)November;(Έτος)2003</subfield>
   <subfield code="y">23</subfield>
  </datafield>
  <datafield tag="852" ind1=" " ind2=" ">
   <subfield code="a">INST</subfield>
   <subfield code="b">UNIPILB</subfield>
   <subfield code="c">SERIALS</subfield>
   <subfield code="e">20050216</subfield>
   <subfield code="h">Αλφαβητική σειρά</subfield>
   <subfield code="p">40160</subfield>
   <subfield code="q">40160</subfield>
   <subfield code="t">NOLOAN</subfield>
   <subfield code="v">vol.42;no.13:(Μήνας)December;(Έτος)2003</subfield>
   <subfield code="y">23</subfield>
  </datafield>
  <datafield tag="852" ind1=" " ind2=" ">
   <subfield code="a">INST</subfield>
   <subfield code="b">UNIPILB</subfield>
   <subfield code="c">SERIALS</subfield>
   <subfield code="e">20050216</subfield>
   <subfield code="h">Αλφαβητική σειρά</subfield>
   <subfield code="p">40161</subfield>
   <subfield code="q">40161</subfield>
   <subfield code="t">NOLOAN</subfield>
   <subfield code="v">vol.43;no.1:(Μήνας)January;(Έτος)2004</subfield>
   <subfield code="y">23</subfield>
  </datafield>
  <datafield tag="852" ind1=" " ind2=" ">
   <subfield code="a">INST</subfield>
   <subfield code="b">UNIPILB</subfield>
   <subfield code="c">SERIALS</subfield>
   <subfield code="e">20050216</subfield>
   <subfield code="h">Αλφαβητική σειρά</subfield>
   <subfield code="p">40162</subfield>
   <subfield code="q">40162</subfield>
   <subfield code="t">NOLOAN</subfield>
   <subfield code="v">vol.43;no.2:(Μήνας)February;(Έτος)2004</subfield>
   <subfield code="y">23</subfield>
  </datafield>
  <datafield tag="852" ind1=" " ind2=" ">
   <subfield code="a">INST</subfield>
   <subfield code="b">UNIPILB</subfield>
   <subfield code="c">SERIALS</subfield>
   <subfield code="e">20050216</subfield>
   <subfield code="h">Αλφαβητική σειρά</subfield>
   <subfield code="p">40163</subfield>
   <subfield code="q">40163</subfield>
   <subfield code="t">NOLOAN</subfield>
   <subfield code="v">vol.43;no.3:(Μήνας)March;(Έτος)2004</subfield>
   <subfield code="y">23</subfield>
  </datafield>
  <datafield tag="852" ind1=" " ind2=" ">
   <subfield code="a">INST</subfield>
   <subfield code="b">UNIPILB</subfield>
   <subfield code="c">SERIALS</subfield>
   <subfield code="e">20050216</subfield>
   <subfield code="h">Αλφαβητική σειρά</subfield>
   <subfield code="p">40164</subfield>
   <subfield code="q">40164</subfield>
   <subfield code="t">NOLOAN</subfield>
   <subfield code="v">vol.43;no.4:(Μήνας)April;(Έτος)2004</subfield>
   <subfield code="y">23</subfield>
  </datafield>
  <datafield tag="852" ind1=" " ind2=" ">
   <subfield code="a">INST</subfield>
   <subfield code="b">UNIPILB</subfield>
   <subfield code="c">SERIALS</subfield>
   <subfield code="e">20050218</subfield>
   <subfield code="h">Αλφαβητική σειρά</subfield>
   <subfield code="p">40441</subfield>
   <subfield code="q">40441</subfield>
   <subfield code="t">NOLOAN</subfield>
   <subfield code="v">vol.43;no.5:(Μήνας)May;(Έτος)2004</subfield>
   <subfield code="y">23</subfield>
  </datafield>
  <datafield tag="852" ind1=" " ind2=" ">
   <subfield code="a">INST</subfield>
   <subfield code="b">UNIPILB</subfield>
   <subfield code="c">SERIALS</subfield>
   <subfield code="e">20050218</subfield>
   <subfield code="h">Αλφαβητική σειρά</subfield>
   <subfield code="p">40442</subfield>
   <subfield code="q">40442</subfield>
   <subfield code="t">NOLOAN</subfield>
   <subfield code="v">vol.43;no.6:(Μήνας)June;(Έτος)2004</subfield>
   <subfield code="y">23</subfield>
  </datafield>
  <datafield tag="852" ind1=" " ind2=" ">
   <subfield code="a">INST</subfield>
   <subfield code="b">UNIPILB</subfield>
   <subfield code="c">SERIALS</subfield>
   <subfield code="e">20050218</subfield>
   <subfield code="h">Αλφαβητική σειρά</subfield>
   <subfield code="p">40443</subfield>
   <subfield code="q">40443</subfield>
   <subfield code="t">NOLOAN</subfield>
   <subfield code="v">vol.43;no.7:(Μήνας)July;(Έτος)2004</subfield>
   <subfield code="y">23</subfield>
  </datafield>
  <datafield tag="852" ind1=" " ind2=" ">
   <subfield code="a">INST</subfield>
   <subfield code="b">UNIPILB</subfield>
   <subfield code="c">SERIALS</subfield>
   <subfield code="e">20050218</subfield>
   <subfield code="h">Αλφαβητική σειρά</subfield>
   <subfield code="p">40444</subfield>
   <subfield code="q">40444</subfield>
   <subfield code="t">NOLOAN</subfield>
   <subfield code="v">vol.43;no.8:(Μήνας)August;(Έτος)2004</subfield>
   <subfield code="y">23</subfield>
  </datafield>
  <datafield tag="852" ind1=" " ind2=" ">
   <subfield code="a">INST</subfield>
   <subfield code="b">UNIPILB</subfield>
   <subfield code="c">SERIALS</subfield>
   <subfield code="e">20050301</subfield>
   <subfield code="h">Αλφαβητική σειρά</subfield>
   <subfield code="p">40731</subfield>
   <subfield code="q">40731</subfield>
   <subfield code="t">NOLOAN</subfield>
   <subfield code="v">vol.44;no.1:(Μήνας)January;(Έτος)2005</subfield>
   <subfield code="y">23</subfield>
  </datafield>
  <datafield tag="852" ind1=" " ind2=" ">
   <subfield code="a">INST</subfield>
   <subfield code="b">UNIPILB</subfield>
   <subfield code="c">SERIALS</subfield>
   <subfield code="e">20050315</subfield>
   <subfield code="h">Αλφαβητική σειρά</subfield>
   <subfield code="p">41277</subfield>
   <subfield code="q">41277</subfield>
   <subfield code="t">NOLOAN</subfield>
   <subfield code="v">vol.41;no.1:(Μήνας)January;(Έτος)2002</subfield>
   <subfield code="y">23</subfield>
  </datafield>
  <datafield tag="852" ind1=" " ind2=" ">
   <subfield code="a">INST</subfield>
   <subfield code="b">UNIPILB</subfield>
   <subfield code="c">SERIALS</subfield>
   <subfield code="e">20050315</subfield>
   <subfield code="h">Αλφαβητική σειρά</subfield>
   <subfield code="p">41278</subfield>
   <subfield code="q">41278</subfield>
   <subfield code="t">NOLOAN</subfield>
   <subfield code="v">vol.41;no.2:(Μήνας)February;(Έτος)2002</subfield>
   <subfield code="y">23</subfield>
  </datafield>
  <datafield tag="852" ind1=" " ind2=" ">
   <subfield code="a">INST</subfield>
   <subfield code="b">UNIPILB</subfield>
   <subfield code="c">SERIALS</subfield>
   <subfield code="e">20050315</subfield>
   <subfield code="h">Αλφαβητική σειρά</subfield>
   <subfield code="p">41279</subfield>
   <subfield code="q">41279</subfield>
   <subfield code="t">NOLOAN</subfield>
   <subfield code="v">vol.41;no.3:(Μήνας)March;(Έτος)2002</subfield>
   <subfield code="y">23</subfield>
  </datafield>
  <datafield tag="852" ind1=" " ind2=" ">
   <subfield code="a">INST</subfield>
   <subfield code="b">UNIPILB</subfield>
   <subfield code="c">SERIALS</subfield>
   <subfield code="e">20050321</subfield>
   <subfield code="h">Αλφαβητική σειρά</subfield>
   <subfield code="p">41545</subfield>
   <subfield code="q">41545</subfield>
   <subfield code="t">NOLOAN</subfield>
   <subfield code="v">vol.43;no.9:(Μήνας)September;(Έτος)2004</subfield>
   <subfield code="y">23</subfield>
  </datafield>
  <datafield tag="852" ind1=" " ind2=" ">
   <subfield code="a">INST</subfield>
   <subfield code="b">UNIPILB</subfield>
   <subfield code="c">SERIALS</subfield>
   <subfield code="e">20050321</subfield>
   <subfield code="h">Αλφαβητική σειρά</subfield>
   <subfield code="p">41546</subfield>
   <subfield code="q">41546</subfield>
   <subfield code="t">NOLOAN</subfield>
   <subfield code="v">vol.43;no.10:(Μήνας)October;(Έτος)2004</subfield>
   <subfield code="y">23</subfield>
  </datafield>
  <datafield tag="852" ind1=" " ind2=" ">
   <subfield code="a">INST</subfield>
   <subfield code="b">UNIPILB</subfield>
   <subfield code="c">SERIALS</subfield>
   <subfield code="e">20050404</subfield>
   <subfield code="h">Αλφαβητική σειρά</subfield>
   <subfield code="p">41927</subfield>
   <subfield code="q">41927</subfield>
   <subfield code="t">NOLOAN</subfield>
   <subfield code="v">vol.44;no.2:(Μήνας)February;(Έτος)2005</subfield>
   <subfield code="y">23</subfield>
  </datafield>
  <datafield tag="852" ind1=" " ind2=" ">
   <subfield code="a">INST</subfield>
   <subfield code="b">UNIPILB</subfield>
   <subfield code="c">SERIALS</subfield>
   <subfield code="e">20050418</subfield>
   <subfield code="h">Αλφαβητική σειρά</subfield>
   <subfield code="p">42566</subfield>
   <subfield code="q">42566</subfield>
   <subfield code="t">NOLOAN</subfield>
   <subfield code="v">vol.44;no.3:(Μήνας)March;(Έτος)2005</subfield>
   <subfield code="y">23</subfield>
  </datafield>
  <datafield tag="852" ind1=" " ind2=" ">
   <subfield code="a">INST</subfield>
   <subfield code="b">UNIPILB</subfield>
   <subfield code="c">SERIALS</subfield>
   <subfield code="e">20050516</subfield>
   <subfield code="h">Αλφαβητική σειρά</subfield>
   <subfield code="p">43101</subfield>
   <subfield code="q">43101</subfield>
   <subfield code="t">NOLOAN</subfield>
   <subfield code="v">vol.44;no.4:(Μήνας)April;(Έτος)2005</subfield>
   <subfield code="y">23</subfield>
  </datafield>
  <datafield tag="852" ind1=" " ind2=" ">
   <subfield code="a">INST</subfield>
   <subfield code="b">UNIPILB</subfield>
   <subfield code="c">SERIALS</subfield>
   <subfield code="e">20050707</subfield>
   <subfield code="h">Αλφαβητική σειρά</subfield>
   <subfield code="p">44555</subfield>
   <subfield code="q">44555</subfield>
   <subfield code="t">NOLOAN</subfield>
   <subfield code="v">vol.44;no.5:(Μήνας)May;(Έτος)2005</subfield>
   <subfield code="y">23</subfield>
  </datafield>
  <datafield tag="852" ind1=" " ind2=" ">
   <subfield code="a">INST</subfield>
   <subfield code="b">UNIPILB</subfield>
   <subfield code="c">SERIALS</subfield>
   <subfield code="e">20050914</subfield>
   <subfield code="h">Αλφαβητική σειρά</subfield>
   <subfield code="p">46665</subfield>
   <subfield code="q">46665</subfield>
   <subfield code="t">NOLOAN</subfield>
   <subfield code="v">vol.44;no.6:(Μήνας)June;(Έτος)2005</subfield>
   <subfield code="y">23</subfield>
  </datafield>
  <datafield tag="852" ind1=" " ind2=" ">
   <subfield code="a">INST</subfield>
   <subfield code="b">UNIPILB</subfield>
   <subfield code="c">SERIALS</subfield>
   <subfield code="e">20050914</subfield>
   <subfield code="h">Αλφαβητική σειρά</subfield>
   <subfield code="p">46666</subfield>
   <subfield code="q">46666</subfield>
   <subfield code="t">NOLOAN</subfield>
   <subfield code="v">vol.44;no.7:(Μήνας)July;(Έτος)2005</subfield>
   <subfield code="y">23</subfield>
  </datafield>
  <datafield tag="852" ind1=" " ind2=" ">
   <subfield code="a">INST</subfield>
   <subfield code="b">UNIPILB</subfield>
   <subfield code="c">SERIALS</subfield>
   <subfield code="e">20050914</subfield>
   <subfield code="h">Αλφαβητική σειρά</subfield>
   <subfield code="p">46667</subfield>
   <subfield code="q">46667</subfield>
   <subfield code="t">NOLOAN</subfield>
   <subfield code="v">vol.44;no.8:(Μήνας)August;(Έτος)2005</subfield>
   <subfield code="y">23</subfield>
  </datafield>
  <datafield tag="852" ind1=" " ind2=" ">
   <subfield code="a">INST</subfield>
   <subfield code="b">UNIPILB</subfield>
   <subfield code="c">SERIALS</subfield>
   <subfield code="e">20051024</subfield>
   <subfield code="h">Αλφαβητική σειρά</subfield>
   <subfield code="p">47903</subfield>
   <subfield code="q">47903</subfield>
   <subfield code="t">NOLOAN</subfield>
   <subfield code="v">vol.44;no.9:(Μήνας)September;(Έτος)2005</subfield>
   <subfield code="y">23</subfield>
  </datafield>
  <datafield tag="852" ind1=" " ind2=" ">
   <subfield code="a">INST</subfield>
   <subfield code="b">UNIPILB</subfield>
   <subfield code="c">SERIALS</subfield>
   <subfield code="e">20060118</subfield>
   <subfield code="h">Αλφαβητική σειρά</subfield>
   <subfield code="p">49655</subfield>
   <subfield code="q">49655</subfield>
   <subfield code="t">NOLOAN</subfield>
   <subfield code="v">vol.44;no.10:(Μήνας)October;(Έτος)2005</subfield>
   <subfield code="y">23</subfield>
  </datafield>
  <datafield tag="852" ind1=" " ind2=" ">
   <subfield code="a">INST</subfield>
   <subfield code="b">UNIPILB</subfield>
   <subfield code="c">SERIALS</subfield>
   <subfield code="e">20060118</subfield>
   <subfield code="h">Αλφαβητική σειρά</subfield>
   <subfield code="p">49656</subfield>
   <subfield code="q">49656</subfield>
   <subfield code="t">NOLOAN</subfield>
   <subfield code="v">vol.44;no.11:(Μήνας)November;(Έτος)2005</subfield>
   <subfield code="y">23</subfield>
  </datafield>
  <datafield tag="852" ind1=" " ind2=" ">
   <subfield code="a">INST</subfield>
   <subfield code="b">UNIPILB</subfield>
   <subfield code="c">SERIALS</subfield>
   <subfield code="e">20060118</subfield>
   <subfield code="h">Αλφαβητική σειρά</subfield>
   <subfield code="p">49657</subfield>
   <subfield code="q">49657</subfield>
   <subfield code="t">NOLOAN</subfield>
   <subfield code="v">vol.44;no.12:(Μήνας)Mid-November;(Έτος)2005</subfield>
   <subfield code="y">23</subfield>
  </datafield>
  <datafield tag="852" ind1=" " ind2=" ">
   <subfield code="a">INST</subfield>
   <subfield code="b">UNIPILB</subfield>
   <subfield code="c">SERIALS</subfield>
   <subfield code="e">20060209</subfield>
   <subfield code="h">Αλφαβητική σειρά</subfield>
   <subfield code="p">50217</subfield>
   <subfield code="q">50217</subfield>
   <subfield code="t">NOLOAN</subfield>
   <subfield code="v">vol.44;no.13:(Μήνας)December;(Έτος)2005</subfield>
   <subfield code="y">23</subfield>
  </datafield>
  <datafield tag="852" ind1=" " ind2=" ">
   <subfield code="a">INST</subfield>
   <subfield code="b">UNIPILB</subfield>
   <subfield code="c">SERIALS</subfield>
   <subfield code="e">20060405</subfield>
   <subfield code="h">Αλφαβητική σειρά</subfield>
   <subfield code="p">51128</subfield>
   <subfield code="q">51128</subfield>
   <subfield code="t">NOLOAN</subfield>
   <subfield code="v">vol.45;no.2:(Μήνας)February;(Έτος)2006</subfield>
   <subfield code="y">23</subfield>
  </datafield>
  <datafield tag="852" ind1=" " ind2=" ">
   <subfield code="a">INST</subfield>
   <subfield code="b">UNIPILB</subfield>
   <subfield code="c">SERIALS</subfield>
   <subfield code="e">20060517</subfield>
   <subfield code="h">Αλφαβητική σειρά</subfield>
   <subfield code="p">51517</subfield>
   <subfield code="q">51517</subfield>
   <subfield code="t">NOLOAN</subfield>
   <subfield code="v">vol.45;no.1:(Μήνας)January;(Έτος)2006</subfield>
   <subfield code="y">23</subfield>
  </datafield>
  <datafield tag="852" ind1=" " ind2=" ">
   <subfield code="a">INST</subfield>
   <subfield code="b">UNIPILB</subfield>
   <subfield code="c">SERIALS</subfield>
   <subfield code="e">20060518</subfield>
   <subfield code="h">Αλφαβητική σειρά</subfield>
   <subfield code="p">51538</subfield>
   <subfield code="q">51538</subfield>
   <subfield code="t">NOLOAN</subfield>
   <subfield code="v">vol.45;no.3:(Μήνας)March;(Έτος)2006</subfield>
   <subfield code="y">23</subfield>
  </datafield>
  <datafield tag="852" ind1=" " ind2=" ">
   <subfield code="a">INST</subfield>
   <subfield code="b">UNIPILB</subfield>
   <subfield code="c">SERIALS</subfield>
   <subfield code="e">20070919</subfield>
   <subfield code="h">Αλφαβητική σειρά</subfield>
   <subfield code="p">57345</subfield>
   <subfield code="q">57345</subfield>
   <subfield code="t">NOLOAN</subfield>
   <subfield code="v">vol.46;no.8:(Μήνας)August;(Έτος)2007</subfield>
   <subfield code="y">23</subfield>
  </datafield>
  <datafield tag="852" ind1=" " ind2=" ">
   <subfield code="a">INST</subfield>
   <subfield code="b">UNIPILB</subfield>
   <subfield code="c">SERIALS</subfield>
   <subfield code="e">20071019</subfield>
   <subfield code="h">Αλφαβητική σειρά</subfield>
   <subfield code="p">57722</subfield>
   <subfield code="q">57722</subfield>
   <subfield code="t">NOLOAN</subfield>
   <subfield code="v">vol.46;no.9:(Μήνας)September;(Έτος)2007</subfield>
   <subfield code="y">23</subfield>
  </datafield>
  <datafield tag="852" ind1=" " ind2=" ">
   <subfield code="a">INST</subfield>
   <subfield code="b">UNIPILB</subfield>
   <subfield code="c">SERIALS</subfield>
   <subfield code="e">20071203</subfield>
   <subfield code="h">Αλφαβητική σειρά</subfield>
   <subfield code="p">58765</subfield>
   <subfield code="q">58765</subfield>
   <subfield code="t">NOLOAN</subfield>
   <subfield code="v">vol.46;no.10:(Μήνας)October;(Έτος)2007</subfield>
   <subfield code="y">23</subfield>
  </datafield>
  <datafield tag="852" ind1=" " ind2=" ">
   <subfield code="a">INST</subfield>
   <subfield code="b">UNIPILB</subfield>
   <subfield code="c">SERIALS</subfield>
   <subfield code="e">20080108</subfield>
   <subfield code="h">Αλφαβητική σειρά</subfield>
   <subfield code="p">59299</subfield>
   <subfield code="q">59299</subfield>
   <subfield code="t">NOLOAN</subfield>
   <subfield code="v">vol.46;no.11:(Μήνας)November;(Έτος)2007</subfield>
   <subfield code="y">23</subfield>
  </datafield>
  <datafield tag="852" ind1=" " ind2=" ">
   <subfield code="a">INST</subfield>
   <subfield code="b">UNIPILB</subfield>
   <subfield code="c">SERIALS</subfield>
   <subfield code="e">20080108</subfield>
   <subfield code="h">Αλφαβητική σειρά</subfield>
   <subfield code="p">59337</subfield>
   <subfield code="q">59337</subfield>
   <subfield code="t">NOLOAN</subfield>
   <subfield code="v">vol.46;no.12:(Μήνας)November;(Έτος)2007</subfield>
   <subfield code="y">23</subfield>
  </datafield>
  <datafield tag="852" ind1=" " ind2=" ">
   <subfield code="a">INST</subfield>
   <subfield code="b">UNIPILB</subfield>
   <subfield code="c">SERIALS</subfield>
   <subfield code="e">20080204</subfield>
   <subfield code="h">Αλφαβητική σειρά</subfield>
   <subfield code="p">59559</subfield>
   <subfield code="q">59559</subfield>
   <subfield code="t">NOLOAN</subfield>
   <subfield code="v">vol.46;no.13:(Μήνας)December;(Έτος)2007</subfield>
   <subfield code="y">23</subfield>
  </datafield>
  <datafield tag="852" ind1=" " ind2=" ">
   <subfield code="a">INST</subfield>
   <subfield code="b">UNIPILB</subfield>
   <subfield code="c">SERIALS</subfield>
   <subfield code="e">20080204</subfield>
   <subfield code="h">Αλφαβητική σειρά</subfield>
   <subfield code="p">59560</subfield>
   <subfield code="q">59560</subfield>
   <subfield code="t">NOLOAN</subfield>
   <subfield code="v">vol.47;no.1:(Μήνας)January;(Έτος)2008</subfield>
   <subfield code="y">23</subfield>
  </datafield>
  <datafield tag="852" ind1=" " ind2=" ">
   <subfield code="a">INST</subfield>
   <subfield code="b">UNIPILB</subfield>
   <subfield code="c">SERIALS</subfield>
   <subfield code="e">20080317</subfield>
   <subfield code="h">Αλφαβητική σειρά</subfield>
   <subfield code="p">60206</subfield>
   <subfield code="q">60206</subfield>
   <subfield code="t">NOLOAN</subfield>
   <subfield code="v">vol.47;no.2:(Μήνας)February;(Έτος)2008</subfield>
   <subfield code="y">23</subfield>
  </datafield>
  <datafield tag="852" ind1=" " ind2=" ">
   <subfield code="a">INST</subfield>
   <subfield code="b">UNIPILB</subfield>
   <subfield code="c">SERIALS</subfield>
   <subfield code="e">20080403</subfield>
   <subfield code="h">Αλφαβητική σειρά</subfield>
   <subfield code="p">60428</subfield>
   <subfield code="q">60428</subfield>
   <subfield code="t">NOLOAN</subfield>
   <subfield code="v">vol.47;no.3:(Μήνας)March;(Έτος)2008</subfield>
   <subfield code="y">23</subfield>
  </datafield>
  <datafield tag="852" ind1=" " ind2=" ">
   <subfield code="a">INST</subfield>
   <subfield code="b">UNIPILB</subfield>
   <subfield code="c">SERIALS</subfield>
   <subfield code="e">20080603</subfield>
   <subfield code="h">Αλφαβητική σειρά</subfield>
   <subfield code="p">60678</subfield>
   <subfield code="q">60678</subfield>
   <subfield code="t">NOLOAN</subfield>
   <subfield code="v">vol.47;no.4:(Μήνας)April;(Έτος)2008</subfield>
   <subfield code="y">23</subfield>
  </datafield>
  <datafield tag="852" ind1=" " ind2=" ">
   <subfield code="a">INST</subfield>
   <subfield code="b">UNIPILB</subfield>
   <subfield code="c">SERIALS</subfield>
   <subfield code="e">20080603</subfield>
   <subfield code="h">Αλφαβητική σειρά</subfield>
   <subfield code="p">60679</subfield>
   <subfield code="q">60679</subfield>
   <subfield code="t">NOLOAN</subfield>
   <subfield code="v">vol.47;no.5:(Μήνας)May;(Έτος)2008</subfield>
   <subfield code="y">23</subfield>
  </datafield>
  <datafield tag="852" ind1=" " ind2=" ">
   <subfield code="a">INST</subfield>
   <subfield code="b">UNIPILB</subfield>
   <subfield code="c">SERIALS</subfield>
   <subfield code="e">20091102</subfield>
   <subfield code="h">Αλφαβητική σειρά</subfield>
   <subfield code="p">65185</subfield>
   <subfield code="q">65185</subfield>
   <subfield code="t">NOLOAN</subfield>
   <subfield code="v">vol.48;no.1:(Μήνας)January;(Έτος)2009</subfield>
   <subfield code="y">23</subfield>
  </datafield>
  <datafield tag="852" ind1=" " ind2=" ">
   <subfield code="a">INST</subfield>
   <subfield code="b">UNIPILB</subfield>
   <subfield code="c">SERIALS</subfield>
   <subfield code="e">20091102</subfield>
   <subfield code="h">Αλφαβητική σειρά</subfield>
   <subfield code="p">65187</subfield>
   <subfield code="q">65187</subfield>
   <subfield code="t">NOLOAN</subfield>
   <subfield code="v">vol.48;no.2:(Μήνας)February;(Έτος)2009</subfield>
   <subfield code="y">23</subfield>
  </datafield>
  <datafield tag="852" ind1=" " ind2=" ">
   <subfield code="a">INST</subfield>
   <subfield code="b">UNIPILB</subfield>
   <subfield code="c">SERIALS</subfield>
   <subfield code="e">20091102</subfield>
   <subfield code="h">Αλφαβητική σειρά</subfield>
   <subfield code="p">65188</subfield>
   <subfield code="q">65188</subfield>
   <subfield code="t">NOLOAN</subfield>
   <subfield code="v">vol.48;no.3:(Μήνας)March;(Έτος)2009</subfield>
   <subfield code="y">23</subfield>
  </datafield>
  <datafield tag="852" ind1=" " ind2=" ">
   <subfield code="a">INST</subfield>
   <subfield code="b">UNIPILB</subfield>
   <subfield code="c">SERIALS</subfield>
   <subfield code="e">20091102</subfield>
   <subfield code="h">Αλφαβητική σειρά</subfield>
   <subfield code="p">65189</subfield>
   <subfield code="q">65189</subfield>
   <subfield code="t">NOLOAN</subfield>
   <subfield code="v">vol.48;no.4:(Μήνας)April;(Έτος)2009</subfield>
   <subfield code="y">23</subfield>
  </datafield>
  <datafield tag="852" ind1=" " ind2=" ">
   <subfield code="a">INST</subfield>
   <subfield code="b">UNIPILB</subfield>
   <subfield code="c">SERIALS</subfield>
   <subfield code="e">20091102</subfield>
   <subfield code="h">Αλφαβητική σειρά</subfield>
   <subfield code="p">65190</subfield>
   <subfield code="q">65190</subfield>
   <subfield code="t">NOLOAN</subfield>
   <subfield code="v">vol.48;no.5:(Μήνας)May;(Έτος)2009</subfield>
   <subfield code="y">23</subfield>
  </datafield>
  <datafield tag="852" ind1=" " ind2=" ">
   <subfield code="a">INST</subfield>
   <subfield code="b">UNIPILB</subfield>
   <subfield code="c">SERIALS</subfield>
   <subfield code="e">20091102</subfield>
   <subfield code="h">Αλφαβητική σειρά</subfield>
   <subfield code="p">65191</subfield>
   <subfield code="q">65191</subfield>
   <subfield code="t">NOLOAN</subfield>
   <subfield code="v">vol.48;no.6:(Μήνας)June;(Έτος)2009</subfield>
   <subfield code="y">23</subfield>
  </datafield>
  <datafield tag="852" ind1=" " ind2=" ">
   <subfield code="a">INST</subfield>
   <subfield code="b">UNIPILB</subfield>
   <subfield code="c">SERIALS</subfield>
   <subfield code="e">20091102</subfield>
   <subfield code="h">Αλφαβητική σειρά</subfield>
   <subfield code="p">65192</subfield>
   <subfield code="q">65192</subfield>
   <subfield code="t">NOLOAN</subfield>
   <subfield code="v">vol.48;no.7:(Μήνας)July;(Έτος)2009</subfield>
   <subfield code="y">23</subfield>
  </datafield>
  <datafield tag="852" ind1=" " ind2=" ">
   <subfield code="a">INST</subfield>
   <subfield code="b">UNIPILB</subfield>
   <subfield code="c">SERIALS</subfield>
   <subfield code="e">20091102</subfield>
   <subfield code="h">Αλφαβητική σειρά</subfield>
   <subfield code="p">65193</subfield>
   <subfield code="q">65193</subfield>
   <subfield code="t">NOLOAN</subfield>
   <subfield code="v">vol.48;no.9:(Μήνας)September;(Έτος)2009</subfield>
   <subfield code="y">23</subfield>
  </datafield>
  <datafield tag="852" ind1=" " ind2=" ">
   <subfield code="a">INST</subfield>
   <subfield code="b">UNIPILB</subfield>
   <subfield code="c">SERIALS</subfield>
   <subfield code="e">20091124</subfield>
   <subfield code="h">Αλφαβητική σειρά</subfield>
   <subfield code="p">65445</subfield>
   <subfield code="q">65445</subfield>
   <subfield code="t">NOLOAN</subfield>
   <subfield code="v">vol.48;no.10:(Μήνας)October;(Έτος)2009</subfield>
   <subfield code="y">23</subfield>
  </datafield>
  <datafield tag="852" ind1=" " ind2=" ">
   <subfield code="a">INST</subfield>
   <subfield code="b">UNIPILB</subfield>
   <subfield code="c">SERIALS</subfield>
   <subfield code="e">20091211</subfield>
   <subfield code="h">Αλφαβητική σειρά</subfield>
   <subfield code="p">65800</subfield>
   <subfield code="q">65800</subfield>
   <subfield code="t">NOLOAN</subfield>
   <subfield code="v">vol.48;no.8:(Μήνας)August;(Έτος)2009</subfield>
   <subfield code="y">23</subfield>
  </datafield>
  <datafield tag="852" ind1=" " ind2=" ">
   <subfield code="a">INST</subfield>
   <subfield code="b">UNIPILB</subfield>
   <subfield code="c">SERIALS</subfield>
   <subfield code="e">20091211</subfield>
   <subfield code="h">Αλφαβητική σειρά</subfield>
   <subfield code="p">65801</subfield>
   <subfield code="q">65801</subfield>
   <subfield code="t">NOLOAN</subfield>
   <subfield code="v">vol.48;no.11:(Μήνας)November;(Έτος)2009</subfield>
   <subfield code="y">23</subfield>
  </datafield>
  <datafield tag="852" ind1=" " ind2=" ">
   <subfield code="a">INST</subfield>
   <subfield code="b">UNIPILB</subfield>
   <subfield code="c">SERIALS</subfield>
   <subfield code="e">20100127</subfield>
   <subfield code="h">Αλφαβητική σειρά</subfield>
   <subfield code="p">66442</subfield>
   <subfield code="q">66442</subfield>
   <subfield code="t">NOLOAN</subfield>
   <subfield code="v">vol.48;no.12:(Μήνας)November;(Έτος)2009</subfield>
   <subfield code="y">23</subfield>
  </datafield>
  <datafield tag="852" ind1=" " ind2=" ">
   <subfield code="a">INST</subfield>
   <subfield code="b">UNIPILB</subfield>
   <subfield code="c">SERIALS</subfield>
   <subfield code="e">20100219</subfield>
   <subfield code="h">Αλφαβητική σειρά</subfield>
   <subfield code="p">66974</subfield>
   <subfield code="q">66974</subfield>
   <subfield code="t">NOLOAN</subfield>
   <subfield code="v">vol.48;no.13:(Μήνας)December;(Έτος)2009</subfield>
   <subfield code="y">23</subfield>
  </datafield>
  <datafield tag="852" ind1=" " ind2=" ">
   <subfield code="a">INST</subfield>
   <subfield code="b">UNIPILB</subfield>
   <subfield code="c">SERIALS</subfield>
   <subfield code="e">20100706</subfield>
   <subfield code="h">Αλφαβητική σειρά</subfield>
   <subfield code="p">69382</subfield>
   <subfield code="q">69382</subfield>
   <subfield code="t">NOLOAN</subfield>
   <subfield code="v">vol.49;no.1:(Μήνας)January;(Έτος)2010</subfield>
   <subfield code="y">23</subfield>
  </datafield>
  <datafield tag="852" ind1=" " ind2=" ">
   <subfield code="a">INST</subfield>
   <subfield code="b">UNIPILB</subfield>
   <subfield code="c">SERIALS</subfield>
   <subfield code="e">20100706</subfield>
   <subfield code="h">Αλφαβητική σειρά</subfield>
   <subfield code="p">69383</subfield>
   <subfield code="q">69383</subfield>
   <subfield code="t">NOLOAN</subfield>
   <subfield code="v">vol.49;no.2:(Μήνας)February;(Έτος)2010</subfield>
   <subfield code="y">23</subfield>
  </datafield>
  <datafield tag="852" ind1=" " ind2=" ">
   <subfield code="a">INST</subfield>
   <subfield code="b">UNIPILB</subfield>
   <subfield code="c">SERIALS</subfield>
   <subfield code="e">20100706</subfield>
   <subfield code="h">Αλφαβητική σειρά</subfield>
   <subfield code="p">69384</subfield>
   <subfield code="q">69384</subfield>
   <subfield code="t">NOLOAN</subfield>
   <subfield code="v">vol.49;no.3:(Μήνας)March;(Έτος)2010</subfield>
   <subfield code="y">23</subfield>
  </datafield>
  <datafield tag="852" ind1=" " ind2=" ">
   <subfield code="a">INST</subfield>
   <subfield code="b">UNIPILB</subfield>
   <subfield code="c">SERIALS</subfield>
   <subfield code="e">20100706</subfield>
   <subfield code="h">Αλφαβητική σειρά</subfield>
   <subfield code="p">69386</subfield>
   <subfield code="q">69386</subfield>
   <subfield code="t">NOLOAN</subfield>
   <subfield code="v">vol.49;no.4:(Μήνας)April;(Έτος)2010</subfield>
   <subfield code="y">23</subfield>
  </datafield>
  <datafield tag="852" ind1=" " ind2=" ">
   <subfield code="a">INST</subfield>
   <subfield code="b">UNIPILB</subfield>
   <subfield code="c">SERIALS</subfield>
   <subfield code="e">20100706</subfield>
   <subfield code="h">Αλφαβητική σειρά</subfield>
   <subfield code="p">69387</subfield>
   <subfield code="q">69387</subfield>
   <subfield code="t">NOLOAN</subfield>
   <subfield code="v">vol.49;no.5:(Μήνας)May;(Έτος)2010</subfield>
   <subfield code="y">23</subfield>
  </datafield>
  <datafield tag="852" ind1=" " ind2=" ">
   <subfield code="a">INST</subfield>
   <subfield code="b">UNIPILB</subfield>
   <subfield code="c">SERIALS</subfield>
   <subfield code="e">20100830</subfield>
   <subfield code="h">Αλφαβητική σειρά</subfield>
   <subfield code="p">69698</subfield>
   <subfield code="q">69698</subfield>
   <subfield code="t">NOLOAN</subfield>
   <subfield code="v">vol.49;no.6:(Μήνας)June;(Έτος)2010</subfield>
   <subfield code="y">23</subfield>
  </datafield>
  <datafield tag="852" ind1=" " ind2=" ">
   <subfield code="a">INST</subfield>
   <subfield code="b">UNIPILB</subfield>
   <subfield code="c">SERIALS</subfield>
   <subfield code="e">20101001</subfield>
   <subfield code="h">Αλφαβητική σειρά</subfield>
   <subfield code="p">69956</subfield>
   <subfield code="q">69956</subfield>
   <subfield code="t">NOLOAN</subfield>
   <subfield code="v">vol.49;no.7:(Μήνας)July;(Έτος)2010</subfield>
   <subfield code="y">23</subfield>
  </datafield>
  <datafield tag="852" ind1=" " ind2=" ">
   <subfield code="a">INST</subfield>
   <subfield code="b">UNIPILB</subfield>
   <subfield code="c">SERIALS</subfield>
   <subfield code="e">20101005</subfield>
   <subfield code="h">Αλφαβητική σειρά</subfield>
   <subfield code="p">70030</subfield>
   <subfield code="q">70030</subfield>
   <subfield code="t">NOLOAN</subfield>
   <subfield code="v">vol.49;no.8:(Μήνας)August;(Έτος)2010</subfield>
   <subfield code="y">23</subfield>
  </datafield>
  <datafield tag="852" ind1=" " ind2=" ">
   <subfield code="a">INST</subfield>
   <subfield code="b">UNIPILB</subfield>
   <subfield code="c">SERIALS</subfield>
   <subfield code="e">20101018</subfield>
   <subfield code="h">Αλφαβητική σειρά</subfield>
   <subfield code="p">70203</subfield>
   <subfield code="q">70203</subfield>
   <subfield code="t">NOLOAN</subfield>
   <subfield code="v">vol.49;no.9:(Μήνας)September;(Έτος)2010</subfield>
   <subfield code="y">23</subfield>
  </datafield>
  <datafield tag="852" ind1=" " ind2=" ">
   <subfield code="a">INST</subfield>
   <subfield code="b">UNIPILB</subfield>
   <subfield code="c">SERIALS</subfield>
   <subfield code="e">20101112</subfield>
   <subfield code="h">Αλφαβητική σειρά</subfield>
   <subfield code="p">70547</subfield>
   <subfield code="q">70547</subfield>
   <subfield code="t">NOLOAN</subfield>
   <subfield code="v">vol.49;no.10:(Μήνας)October;(Έτος)2010</subfield>
   <subfield code="y">23</subfield>
  </datafield>
  <datafield tag="852" ind1=" " ind2=" ">
   <subfield code="a">INST</subfield>
   <subfield code="b">UNIPILB</subfield>
   <subfield code="c">SERIALS</subfield>
   <subfield code="e">20110124</subfield>
   <subfield code="h">Αλφαβητική σειρά</subfield>
   <subfield code="p">70888</subfield>
   <subfield code="q">70888</subfield>
   <subfield code="t">NOLOAN</subfield>
   <subfield code="v">vol.49;no.11:(Μήνας)November;(Έτος)2010</subfield>
   <subfield code="y">23</subfield>
  </datafield>
  <datafield tag="852" ind1=" " ind2=" ">
   <subfield code="a">INST</subfield>
   <subfield code="b">UNIPILB</subfield>
   <subfield code="c">SERIALS</subfield>
   <subfield code="e">20110125</subfield>
   <subfield code="h">Αλφαβητική σειρά</subfield>
   <subfield code="p">70933</subfield>
   <subfield code="q">70933</subfield>
   <subfield code="t">NOLOAN</subfield>
   <subfield code="v">vol.49;no.12:(Μήνας)November;(Έτος)2010</subfield>
   <subfield code="y">23</subfield>
  </datafield>
  <datafield tag="852" ind1=" " ind2=" ">
   <subfield code="a">INST</subfield>
   <subfield code="b">UNIPILB</subfield>
   <subfield code="c">SERIALS</subfield>
   <subfield code="e">20110125</subfield>
   <subfield code="h">Αλφαβητική σειρά</subfield>
   <subfield code="p">70934</subfield>
   <subfield code="q">70934</subfield>
   <subfield code="t">NOLOAN</subfield>
   <subfield code="v">vol.49;no.13:(Μήνας)December;(Έτος)2010</subfield>
   <subfield code="y">23</subfield>
  </datafield>
  <datafield tag="852" ind1=" " ind2=" ">
   <subfield code="a">INST</subfield>
   <subfield code="b">UNIPILB</subfield>
   <subfield code="c">SERIALS</subfield>
   <subfield code="e">20110301</subfield>
   <subfield code="h">Αλφαβητική σειρά</subfield>
   <subfield code="p">71240</subfield>
   <subfield code="q">71240</subfield>
   <subfield code="t">NOLOAN</subfield>
   <subfield code="v">vol.47;no.10:(Μήνας)October;(Έτος)2008</subfield>
   <subfield code="y">23</subfield>
  </datafield>
  <datafield tag="852" ind1=" " ind2=" ">
   <subfield code="a">INST</subfield>
   <subfield code="b">UNIPILB</subfield>
   <subfield code="c">SERIALS</subfield>
   <subfield code="e">20110418</subfield>
   <subfield code="h">Αλφαβητική σειρά</subfield>
   <subfield code="p">71633</subfield>
   <subfield code="q">71633</subfield>
   <subfield code="t">NOLOAN</subfield>
   <subfield code="v">vol.47;no.7:(Μήνας)July;(Έτος)2008</subfield>
   <subfield code="y">23</subfield>
  </datafield>
  <datafield tag="852" ind1=" " ind2=" ">
   <subfield code="a">INST</subfield>
   <subfield code="b">UNIPILB</subfield>
   <subfield code="c">SERIALS</subfield>
   <subfield code="e">20110418</subfield>
   <subfield code="h">Αλφαβητική σειρά</subfield>
   <subfield code="p">71634</subfield>
   <subfield code="q">71634</subfield>
   <subfield code="t">NOLOAN</subfield>
   <subfield code="v">vol.47;no.8:(Μήνας)August;(Έτος)2008</subfield>
   <subfield code="y">23</subfield>
  </datafield>
  <datafield tag="852" ind1=" " ind2=" ">
   <subfield code="a">INST</subfield>
   <subfield code="b">UNIPILB</subfield>
   <subfield code="c">SERIALS</subfield>
   <subfield code="e">20110418</subfield>
   <subfield code="h">Αλφαβητική σειρά</subfield>
   <subfield code="p">71635</subfield>
   <subfield code="q">71635</subfield>
   <subfield code="t">NOLOAN</subfield>
   <subfield code="v">vol.47;no.9:(Μήνας)September;(Έτος)2008</subfield>
   <subfield code="y">23</subfield>
  </datafield>
  <datafield tag="852" ind1=" " ind2=" ">
   <subfield code="a">INST</subfield>
   <subfield code="b">UNIPILB</subfield>
   <subfield code="c">SERIALS</subfield>
   <subfield code="e">20110714</subfield>
   <subfield code="h">Αλφαβητική σειρά</subfield>
   <subfield code="p">72259</subfield>
   <subfield code="q">72259</subfield>
   <subfield code="t">NOLOAN</subfield>
   <subfield code="v">vol.50;no.5:(Μήνας)May;(Έτος)2011</subfield>
   <subfield code="y">23</subfield>
  </datafield>
  <datafield tag="852" ind1=" " ind2=" ">
   <subfield code="a">INST</subfield>
   <subfield code="b">UNIPILB</subfield>
   <subfield code="c">SERIALS</subfield>
   <subfield code="e">20110714</subfield>
   <subfield code="h">Αλφαβητική σειρά</subfield>
   <subfield code="p">72268</subfield>
   <subfield code="q">72268</subfield>
   <subfield code="t">NOLOAN</subfield>
   <subfield code="v">vol.50;no.4:(Μήνας)April;(Έτος)2011</subfield>
   <subfield code="y">23</subfield>
  </datafield>
  <datafield tag="852" ind1=" " ind2=" ">
   <subfield code="a">INST</subfield>
   <subfield code="b">UNIPILB</subfield>
   <subfield code="c">SERIALS</subfield>
   <subfield code="e">20110714</subfield>
   <subfield code="h">Αλφαβητική σειρά</subfield>
   <subfield code="p">72269</subfield>
   <subfield code="q">72269</subfield>
   <subfield code="t">NOLOAN</subfield>
   <subfield code="v">vol.50;no.6:(Μήνας)June;(Έτος)2011</subfield>
   <subfield code="y">23</subfield>
  </datafield>
  <datafield tag="852" ind1=" " ind2=" ">
   <subfield code="a">INST</subfield>
   <subfield code="b">UNIPILB</subfield>
   <subfield code="c">SERIALS</subfield>
   <subfield code="e">20110929</subfield>
   <subfield code="h">Αλφαβητική σειρά</subfield>
   <subfield code="p">72823</subfield>
   <subfield code="q">72823</subfield>
   <subfield code="t">NOLOAN</subfield>
   <subfield code="v">vol.50;no.2:(Μήνας)February;(Έτος)2011</subfield>
   <subfield code="y">23</subfield>
  </datafield>
  <datafield tag="852" ind1=" " ind2=" ">
   <subfield code="a">INST</subfield>
   <subfield code="b">UNIPILB</subfield>
   <subfield code="c">SERIALS</subfield>
   <subfield code="e">20110929</subfield>
   <subfield code="h">Αλφαβητική σειρά</subfield>
   <subfield code="p">72824</subfield>
   <subfield code="q">72824</subfield>
   <subfield code="t">NOLOAN</subfield>
   <subfield code="v">vol.50;no.3:(Μήνας)March;(Έτος)2011</subfield>
   <subfield code="y">23</subfield>
  </datafield>
  <datafield tag="852" ind1=" " ind2=" ">
   <subfield code="a">INST</subfield>
   <subfield code="b">UNIPILB</subfield>
   <subfield code="c">SERIALS</subfield>
   <subfield code="e">20110930</subfield>
   <subfield code="h">Αλφαβητική σειρά</subfield>
   <subfield code="p">72844</subfield>
   <subfield code="q">72844</subfield>
   <subfield code="t">NOLOAN</subfield>
   <subfield code="v">vol.50;no.9:(Μήνας)September;(Έτος)2011</subfield>
   <subfield code="y">23</subfield>
  </datafield>
  <datafield tag="852" ind1=" " ind2=" ">
   <subfield code="a">INST</subfield>
   <subfield code="b">UNIPILB</subfield>
   <subfield code="c">SERIALS</subfield>
   <subfield code="e">20111003</subfield>
   <subfield code="h">Αλφαβητική σειρά</subfield>
   <subfield code="p">72905</subfield>
   <subfield code="q">72905</subfield>
   <subfield code="t">NOLOAN</subfield>
   <subfield code="v">vol.50;no.8:(Μήνας)August;(Έτος)2011</subfield>
   <subfield code="y">23</subfield>
  </datafield>
  <datafield tag="852" ind1=" " ind2=" ">
   <subfield code="a">INST</subfield>
   <subfield code="b">UNIPILB</subfield>
   <subfield code="c">SERIALS</subfield>
   <subfield code="e">20111003</subfield>
   <subfield code="h">Αλφαβητική σειρά</subfield>
   <subfield code="p">72909</subfield>
   <subfield code="q">72909</subfield>
   <subfield code="t">NOLOAN</subfield>
   <subfield code="v">vol.50;no.7:(Μήνας)July;(Έτος)2011</subfield>
   <subfield code="y">23</subfield>
  </datafield>
  <datafield tag="852" ind1=" " ind2=" ">
   <subfield code="a">INST</subfield>
   <subfield code="b">UNIPILB</subfield>
   <subfield code="c">SERIALS</subfield>
   <subfield code="e">20111101</subfield>
   <subfield code="h">Αλφαβητική σειρά</subfield>
   <subfield code="p">73184</subfield>
   <subfield code="q">73184</subfield>
   <subfield code="t">NOLOAN</subfield>
   <subfield code="v">vol.50;no.10:(Μήνας)October;(Έτος)2011</subfield>
   <subfield code="y">23</subfield>
  </datafield>
  <datafield tag="852" ind1=" " ind2=" ">
   <subfield code="a">INST</subfield>
   <subfield code="b">UNIPILB</subfield>
   <subfield code="c">SERIALS</subfield>
   <subfield code="e">20111213</subfield>
   <subfield code="h">Αλφαβητική σειρά</subfield>
   <subfield code="p">73849</subfield>
   <subfield code="q">73849</subfield>
   <subfield code="t">NOLOAN</subfield>
   <subfield code="v">vol.50;no.11:(Μήνας)November;(Έτος)2011</subfield>
   <subfield code="y">23</subfield>
  </datafield>
  <datafield tag="852" ind1=" " ind2=" ">
   <subfield code="a">INST</subfield>
   <subfield code="b">UNIPILB</subfield>
   <subfield code="c">SERIALS</subfield>
   <subfield code="e">20120116</subfield>
   <subfield code="h">Αλφαβητική σειρά</subfield>
   <subfield code="p">73940</subfield>
   <subfield code="q">73940</subfield>
   <subfield code="t">NOLOAN</subfield>
   <subfield code="v">vol.50;no.12:(Μήνας)November;(Έτος)2011</subfield>
   <subfield code="y">23</subfield>
  </datafield>
  <datafield tag="852" ind1=" " ind2=" ">
   <subfield code="a">INST</subfield>
   <subfield code="b">UNIPILB</subfield>
   <subfield code="c">SERIALS</subfield>
   <subfield code="e">20120116</subfield>
   <subfield code="h">Αλφαβητική σειρά</subfield>
   <subfield code="p">73979</subfield>
   <subfield code="q">73979</subfield>
   <subfield code="t">NOLOAN</subfield>
   <subfield code="v">vol.50;no.13:(Μήνας)December;(Έτος)2011</subfield>
   <subfield code="y">23</subfield>
  </datafield>
  <datafield tag="856" ind1="4" ind2="1">
   <subfield code="u">http://qualitymag.com</subfield>
  </datafield>
  <datafield tag="900" ind1=" " ind2=" ">
   <subfield code="a">Vol. 51 no. 1 (January 2012)</subfield>
   <subfield code="b">Οφειλόμενο</subfield>
   <subfield code="c">27/08/2012</subfield>
  </datafield>
  <datafield tag="900" ind1=" " ind2=" ">
   <subfield code="a">Vol. 42 no. 1 (January 2003)</subfield>
   <subfield code="b">Οφειλόμενο</subfield>
   <subfield code="c">18/02/2005</subfield>
  </datafield>
  <datafield tag="900" ind1=" " ind2=" ">
   <subfield code="a">Vol. 43 no. 11 (November 2004)</subfield>
   <subfield code="b">Οφειλόμενο</subfield>
   <subfield code="c">11/09/2006</subfield>
  </datafield>
  <datafield tag="900" ind1=" " ind2=" ">
   <subfield code="a">Vol. 43 no. 12 (November 2004)</subfield>
   <subfield code="b">Οφειλόμενο</subfield>
   <subfield code="c">22/09/2006</subfield>
  </datafield>
  <datafield tag="900" ind1=" " ind2=" ">
   <subfield code="a">Vol. 43 no. 13 (November 2004)</subfield>
   <subfield code="b">Οφειλόμενο</subfield>
   <subfield code="c">11/10/2006</subfield>
  </datafield>
  <datafield tag="900" ind1=" " ind2=" ">
   <subfield code="a">Vol. 45 no. 1 (December 2005)</subfield>
   <subfield code="b">Οφειλόμενο</subfield>
   <subfield code="c">14/02/2007</subfield>
  </datafield>
  <datafield tag="900" ind1=" " ind2=" ">
   <subfield code="a">Vol. 45 no. 4 (April 2006)</subfield>
   <subfield code="b">Οφειλόμενο</subfield>
   <subfield code="c">27/05/2007</subfield>
  </datafield>
  <datafield tag="900" ind1=" " ind2=" ">
   <subfield code="a">Vol. 45 no. 5 (May 2006)</subfield>
   <subfield code="b">Οφειλόμενο</subfield>
   <subfield code="c">18/09/2007</subfield>
  </datafield>
  <datafield tag="900" ind1=" " ind2=" ">
   <subfield code="a">Vol. 45 no. 6 (June 2006)</subfield>
   <subfield code="b">Οφειλόμενο</subfield>
   <subfield code="c">18/09/2007</subfield>
  </datafield>
  <datafield tag="900" ind1=" " ind2=" ">
   <subfield code="a">Vol. 45 no. 7 (July 2006)</subfield>
   <subfield code="b">Οφειλόμενο</subfield>
   <subfield code="c">18/09/2007</subfield>
  </datafield>
  <datafield tag="900" ind1=" " ind2=" ">
   <subfield code="a">Vol. 45 no. 8 (August 2006)</subfield>
   <subfield code="b">Οφειλόμενο</subfield>
   <subfield code="c">18/09/2007</subfield>
  </datafield>
  <datafield tag="900" ind1=" " ind2=" ">
   <subfield code="a">Vol. 45 no. 9 (September 2006)</subfield>
   <subfield code="b">Οφειλόμενο</subfield>
   <subfield code="c">14/10/2007</subfield>
  </datafield>
  <datafield tag="900" ind1=" " ind2=" ">
   <subfield code="a">Vol. 45 no. 10 (October 2006)</subfield>
   <subfield code="b">Οφειλόμενο</subfield>
   <subfield code="c">13/11/2007</subfield>
  </datafield>
  <datafield tag="900" ind1=" " ind2=" ">
   <subfield code="a">Vol. 45 no. 11 (November 2006)</subfield>
   <subfield code="b">Οφειλόμενο</subfield>
   <subfield code="c">06/01/2008</subfield>
  </datafield>
  <datafield tag="900" ind1=" " ind2=" ">
   <subfield code="a">Vol. 45 no. 12 (November 2006)</subfield>
   <subfield code="b">Οφειλόμενο</subfield>
   <subfield code="c">15/01/2008</subfield>
  </datafield>
  <datafield tag="900" ind1=" " ind2=" ">
   <subfield code="a">Vol. 45 no. 13 (November 2006)</subfield>
   <subfield code="b">Οφειλόμενο</subfield>
   <subfield code="c">29/01/2008</subfield>
  </datafield>
  <datafield tag="900" ind1=" " ind2=" ">
   <subfield code="a">Vol. 45 no. 14 (December 2006)</subfield>
   <subfield code="b">Οφειλόμενο</subfield>
   <subfield code="c">13/01/2008</subfield>
  </datafield>
  <datafield tag="900" ind1=" " ind2=" ">
   <subfield code="a">Vol. 46 no. 1 (January 2007)</subfield>
   <subfield code="b">Οφειλόμενο</subfield>
   <subfield code="c">12/02/2008</subfield>
  </datafield>
  <datafield tag="900" ind1=" " ind2=" ">
   <subfield code="a">Vol. 46 no. 2 (February 2007)</subfield>
   <subfield code="b">Οφειλόμενο</subfield>
   <subfield code="c">16/03/2008</subfield>
  </datafield>
  <datafield tag="900" ind1=" " ind2=" ">
   <subfield code="a">Vol. 46 no. 3 (March 2007)</subfield>
   <subfield code="b">Οφειλόμενο</subfield>
   <subfield code="c">13/04/2008</subfield>
  </datafield>
  <datafield tag="900" ind1=" " ind2=" ">
   <subfield code="a">Vol. 46 no. 4 (April 2007)</subfield>
   <subfield code="b">Οφειλόμενο</subfield>
   <subfield code="c">12/05/2008</subfield>
  </datafield>
  <datafield tag="900" ind1=" " ind2=" ">
   <subfield code="a">Vol. 46 no. 5 (May 2007)</subfield>
   <subfield code="b">Οφειλόμενο</subfield>
   <subfield code="c">11/06/2008</subfield>
  </datafield>
  <datafield tag="900" ind1=" " ind2=" ">
   <subfield code="a">Vol. 46 no. 6 (June 2007)</subfield>
   <subfield code="b">Οφειλόμενο</subfield>
   <subfield code="c">13/07/2008</subfield>
  </datafield>
  <datafield tag="900" ind1=" " ind2=" ">
   <subfield code="a">Vol. 46 no. 7 (July 2007)</subfield>
   <subfield code="b">Οφειλόμενο</subfield>
   <subfield code="c">26/08/2008</subfield>
  </datafield>
  <datafield tag="900" ind1=" " ind2=" ">
   <subfield code="a">Vol. 47 no. 6 (June 2008)</subfield>
   <subfield code="b">Οφειλόμενο</subfield>
   <subfield code="c">26/08/2008</subfield>
  </datafield>
  <datafield tag="900" ind1=" " ind2=" ">
   <subfield code="a">Vol. 47 no. 11 (November 2008)</subfield>
   <subfield code="b">Οφειλόμενο</subfield>
   <subfield code="c">01/11/2009</subfield>
  </datafield>
  <datafield tag="900" ind1=" " ind2=" ">
   <subfield code="a">Vol. 47 no. 12 (November 2008)</subfield>
   <subfield code="b">Οφειλόμενο</subfield>
   <subfield code="c">01/11/2009</subfield>
  </datafield>
  <datafield tag="900" ind1=" " ind2=" ">
   <subfield code="a">Vol. 47 no. 13 (November 2008)</subfield>
   <subfield code="b">Οφειλόμενο</subfield>
   <subfield code="c">01/11/2009</subfield>
  </datafield>
  <datafield tag="900" ind1=" " ind2=" ">
   <subfield code="a">Vol. 48 no. 14 (December 2008)</subfield>
   <subfield code="b">Οφειλόμενο</subfield>
   <subfield code="c">01/11/2009</subfield>
  </datafield>
  <datafield tag="900" ind1=" " ind2=" ">
   <subfield code="a">Vol. 50 no. 1 (January 2011)</subfield>
   <subfield code="b">Οφειλόμενο</subfield>
   <subfield code="c">06/06/2011</subfield>
  </datafield>
  <datafield tag="950" ind1=" " ind2=" ">
   <subfield code="a">01/01/2002</subfield>
   <subfield code="c">SWETS INFORMATION SERVICES</subfield>
   <subfield code="d">235</subfield>
  </datafield>
  <datafield tag="951" ind1=" " ind2=" ">
   <subfield code="a">Vol. 50 no. 2 (February 2011) - Vol. 50 no. 13 (December 2011)</subfield>
   <subfield code="b">Main run</subfield>
  </datafield>
  <datafield tag="951" ind1=" " ind2=" ">
   <subfield code="a">Vol.34, no.7(July 1995) -  (v.38, no.13(Dec. 1999)</subfield>
   <subfield code="b">Main run</subfield>
  </datafield>
  <datafield tag="951" ind1=" " ind2=" ">
   <subfield code="a">Vol. 41 no. 1 (January 2002) - Vol. 41 no. 13 (December 2002)</subfield>
   <subfield code="b">Main run</subfield>
  </datafield>
  <datafield tag="951" ind1=" " ind2=" ">
   <subfield code="a">Vol. 42 no. 2 (February 2003) - Vol. 42 no. 13 (December 2003)</subfield>
   <subfield code="b">Main run</subfield>
  </datafield>
  <datafield tag="951" ind1=" " ind2=" ">
   <subfield code="a">Vol. 43 no. 1 (January 2004) - Vol. 43 no. 10 (October 2004)</subfield>
   <subfield code="b">Main run</subfield>
  </datafield>
  <datafield tag="951" ind1=" " ind2=" ">
   <subfield code="a">Vol. 44 no. 1 (January 2005) - Vol. 44 no. 11 (November 2005)</subfield>
   <subfield code="b">Main run</subfield>
  </datafield>
  <datafield tag="951" ind1=" " ind2=" ">
   <subfield code="a">Vol. 44 no. 12  (Mid-November 2005)</subfield>
   <subfield code="b">Main run</subfield>
  </datafield>
  <datafield tag="951" ind1=" " ind2=" ">
   <subfield code="a">Vol. 44 no. 13 (December 2005)</subfield>
   <subfield code="b">Main run</subfield>
  </datafield>
  <datafield tag="951" ind1=" " ind2=" ">
   <subfield code="a">Vol. 45 no. 1 (January 2006) - Vol. 45 no. 3 (March 2006)</subfield>
   <subfield code="b">Main run</subfield>
  </datafield>
  <datafield tag="951" ind1=" " ind2=" ">
   <subfield code="a">Vol. 46 no. 8 (August 2007) - Vol. 46 no. 13 (December 2007)</subfield>
   <subfield code="b">Main run</subfield>
  </datafield>
  <datafield tag="951" ind1=" " ind2=" ">
   <subfield code="a">Vol. 47 no. 1 (January 2008) - Vol. 47 no. 5 (May 2008)</subfield>
   <subfield code="b">Main run</subfield>
  </datafield>
  <datafield tag="951" ind1=" " ind2=" ">
   <subfield code="a">Vol. 47 no. 7 (July 2008) - Vol. 47 no. 10 (October 2008)</subfield>
   <subfield code="b">Main run</subfield>
  </datafield>
  <datafield tag="951" ind1=" " ind2=" ">
   <subfield code="a">Vol. 48 no. 1 (January 2009) - Vol. 48 no. 13 (December 2009)</subfield>
   <subfield code="b">Main run</subfield>
  </datafield>
  <datafield tag="951" ind1=" " ind2=" ">
   <subfield code="a">Vol. 49 no. 1 (January 2010) - Vol. 49 no. 13 (December 2010)</subfield>
   <subfield code="b">Main run</subfield>
  </datafield>
  <datafield tag="952" ind1=" " ind2=" ">
   <subfield code="a">35(1,8-12)1996, 36(1-12)1997, 38(4)1999</subfield>
  </datafield>
 </record>
</collection>
